| 000 | 00000nam##2200000za#4500 |
| 001 | 9.575568 |
| 003 | CaOODSP |
| 005 | 20210624184727 |
| 007 | cr ||||||||||| |
| 008 | 150406|2008||||xxc|||||o f|0| 0 eng|d |
| 040 | |aCaOODSP|beng |
| 043 | |an-cn--- |
| 086 | 1 |aTU3-5/08-13E-PDF |
| 110 | 2 |aTransportation Safety Board of Canada. |
| 245 | 10|aRunway overrun - WestJet Airlines Boeing 737-700, C-GLWS, Ottawa, Ontario, 17 February 2008 |h[electronic resource] |
| 260 | |aGatineau - Quebec : |bTransportation Safety Board of Canada |c[2008]. |
| 300 | |a26p.|bfigs., references, tables |
| 490 | 1 |aAviation investigation report |vA08O0035 |
| 590 | |a13-03-Supp|b2013-02-11 |
| 775 | 08|tSortie en bout de piste du Boeing 737-700 C-GLWS de WestJet Airlines à Ottawa (Ontario), le 17 février 2008 |w(CaOODSP)9.605067 |
| 830 | #0|aAviation investigation report ;|vA08O0035|w(CaOODSP)9.504825 |
| 856 | 40|ahttp://publications.gc.ca|qPDF|s581 KB|uhttps://publications.gc.ca/collections/collection_2013/bst-tsb/TU3-5-08-13-eng.pdf|yA08O0035 |